Eliminate Things - Taylor Swift #1 - Statistics

General Stats
  • This quiz has been taken 29 times
  • The average score is 1 of 20
Answer Stats
Group # Category % Correct
Green 44 In the Eras Tour
95%
Green 1 Starting with M my tears ricochet
5%
Green 34 Not from Lover or Reputation
0%
Green 25 Starting with letters A-P
0%
Orange 31 From TTPD
0%
Orange 16 From the main half
0%
Orange 10 Has at least 100 million Spotify streams (May 16 2024}
0%
Orange 5 Not part of the Eras Tour main set list
0%
Blue 26 From a not Taylor's Version Album
0%
Blue 15 From Reputation
0%
Blue 8 Not a Single
0%
Blue 5 Has at least 2 words
0%
Purple 34 From folklore or evermore
0%
Purple 29 Not a bonus track or a single
0%
Purple 6 Not preformed as an Eras Tour surprise song as of May 16 2024
0%
Purple 3 From evermore
0%
Green 15 At least 2 words
0%
Purple 1 Is the least popular song from the album closure
0%
Blue 1 Starts with a K King of my Heart
0%
Orange 1 Starts with M My Boy Only Breaks His Favorite Toys
0%
No matching quizzes found
Score Distribution
Percent of People with Each Score
Percentile by Number Answered
Your Score History
You have not taken this quiz